000 00627nam a22002177a 4500
942 _cBK
999 _c625
_d625
005 20250420134819.0
008 200813b ||||| |||| 00| 0 eng d
020 _a9781944325022
040 _cKCST
082 _a512.02
_bJu Ab
100 _aJudson, Thomas W.
_95114
245 _aAbstract Algebra Theory and Applications /
_cThomas W Judson, Robert A Breezer
250 _a2016 edition
260 _aAnn Arbor, Michigan:
_bOrthogonal publishing,
_c2016.
300 _a417 p.
650 _aMathematics
_vTextbooks.
_91438
655 _aTextbooks.
_94759
700 _aBreezer, Robert A.
_95115
942 _2ddc